1023 1855 1372 1886 1190 1820 1060 1665 1770 1941 1889 1910 1213 1491 1581 1145 1979 1337 1839 1311 1935 1835 1351 1020 1623 1163 1930 1667 1970 1074 1377 1155 1219 1707 1714 1087 1148 1644 1421 1620 1626 1556 1856 1698 1381 1376 1992 1113 1022 1269 1838 1385 1278 1486 1694 1745 1890 1875 1523 1570 1344 1662 1477 1547 1595 1236 1173 1419 1651 1151 1011 1664 1196 1646 1111 1622 1162 1792 1058 1139 1155 1085 1998 1781 1410 1993 1828 1321 1194 1742 1182 1761 1648 1984 1892 1359 1498 1376 1950 BCNSPRNW ULIB Ver.6.0+V

เปลี่ยนเป็นภาษาไทย

Change to English
 แสดงรายละเอียดบรรณานุกรม
  กลับหน้าหลัก

Brief Record : Get Marc (ISO 2709) : E-mail record : QR code < ปิดหน้าต่าง
LEADER : 00000nam 2200000uu 4500
001    13399112592
003     ULIB
008    110826s2551||||th 000 0 tha d
020    9789740626442
050  4 HQ772^bS111ส 2551
110 2  ซัมซุงพับลิชิง คอมพานี
245 10 สมองซีกขวาพัฒนาได้ไร้ขีดจำกัด สำหรับ 3-4 ปี /^cซัมซุงพับลิชิง คอมพานี
250    พิมพ์ครั้งที่ 1
260    กรุงเทพฯ :^bนานมีบุ๊คส์พับลิเคชั่นส์ ,^c2551
300    96 หน้า :^bภาพประกอบ
945    ^p195^l0^i024682
945    ^p195^l0^i024683
995    ทศพร
999 ^a ทศพร
รายการนี้ยังไม่มีแท็ก
คุณยังไม่ได้ล็อกอิน คุณสามารถมีกิจกรรมร่วมกับเว็บไซต์ได้ แต่ต้องล็อกอินก่อน ::
  ล็อกอิน

รายการสื่อสารสนเทศ

ลำดับที่ ประเภท เลขเรียก/บาร์โค้ด สถานที่ สถานะ
- ไม่พบข้อมูล -

BibComment


ยังไม่เคยถูกคอมเมนท์

คอมเมนท์ทรัพยากรรายการนี้
  คอมเมนท์: สมองซีกขวาพัฒนาได..


 Copyright 2026. Bcnsprnw @Library